Microwave resonant compressors and prepulse suppression; KORUS 2003
| Parent link: | KORUS 2003.— 2003.— [P. 262-267] |
|---|---|
| Andre forfattere: | , , , |
| Summary: | Title screen The method of microwave resonant compression is applied for converting relatively long low power microwave pulses into nanosecond microwave pulses of high power. A microwave resonant compressor (MRC) includes a storage volume which is resonantly excited and after the transient is over the volume is made strongly coupled to an external load. During excitation some leakage is observed as the switching element provides commonly the transition attenuation of -45...60 dB. Here two new ways for further prepulse suppression are proposed. First, an additional passive resonant cavity connected into output line decreases the prepulse power and energy about 10...12 dB. The second way is processing signals in a radar receiver. Received signals are divided and delayed relatively for a time equal to the pulsewidth of nanosecond sensing pulses. Ideally the procedure eliminate the prepulse completely. Режим доступа: по договору с организацией-держателем ресурса |
| Sprog: | engelsk |
| Udgivet: |
2003
|
| Fag: | |
| Online adgang: | http://ieeexplore.ieee.org/document/1222617/ |
| Format: | MixedMaterials Electronisk Book Chapter |
| KOHA link: | https://koha.lib.tpu.ru/cgi-bin/koha/opac-detail.pl?biblionumber=637606 |
MARC
| LEADER | 00000naa0a2200000 4500 | ||
|---|---|---|---|
| 001 | 637606 | ||
| 005 | 20250528131640.0 | ||
| 035 | |a (RuTPU)RU\TPU\network\1758 | ||
| 090 | |a 637606 | ||
| 100 | |a 20140930d2003 k y0rusy50 ba | ||
| 101 | 0 | |a eng | |
| 102 | |a RU | ||
| 135 | |a drcn ---uucaa | ||
| 181 | 0 | |a i | |
| 182 | 0 | |a b | |
| 200 | 1 | |a Microwave resonant compressors and prepulse suppression |f S. N. Artemenko [et al.] | |
| 203 | |a Text |c electronic | ||
| 300 | |a Title screen | ||
| 330 | |a The method of microwave resonant compression is applied for converting relatively long low power microwave pulses into nanosecond microwave pulses of high power. A microwave resonant compressor (MRC) includes a storage volume which is resonantly excited and after the transient is over the volume is made strongly coupled to an external load. During excitation some leakage is observed as the switching element provides commonly the transition attenuation of -45...60 dB. Here two new ways for further prepulse suppression are proposed. First, an additional passive resonant cavity connected into output line decreases the prepulse power and energy about 10...12 dB. The second way is processing signals in a radar receiver. Received signals are divided and delayed relatively for a time equal to the pulsewidth of nanosecond sensing pulses. Ideally the procedure eliminate the prepulse completely. | ||
| 333 | |a Режим доступа: по договору с организацией-держателем ресурса | ||
| 337 | |a Adobe Reader | ||
| 463 | |t KORUS 2003 |o proceedings of the 7th Korea-Russia International Symposium on Science and Technology (June 28 - July 6, 2003 at the University of Ulsan, Republic of Korea) |h Vol. 2 |v [P. 262-267] |d 2003 | ||
| 610 | 1 | |a электронный ресурс | |
| 610 | 1 | |a труды учёных ТПУ | |
| 701 | 1 | |a Artemenko |b S. N. |c physicist |c Leading researcher of Tomsk Polytechnic University, Doctor of physical and mathematical science |f 1951- |g Sergey Nikolaevich |3 (RuTPU)RU\TPU\pers\31801 |9 15912 | |
| 701 | 1 | |a Novikov |b S. A. |c specialist in electrical engineering |c Professor of Tomsk Polytechnic University, doctor of physical and mathematical sciences |f 1949- |g Sergey Avtonomovich |3 (RuTPU)RU\TPU\pers\32424 |9 16373 | |
| 701 | 1 | |a Yushkov |b Y. G. |c electrophysicist |c Professor of Tomsk Polytechnic University, Doctor of technical sciences |f 1937- |g Yuri Georgievich |3 (RuTPU)RU\TPU\pers\25936 |9 11786 | |
| 701 | 1 | |a Badulin |b N. | |
| 801 | 2 | |a RU |b 63413507 |c 20170405 |g RCR | |
| 850 | |a 63413507 | ||
| 856 | 4 | |u http://ieeexplore.ieee.org/document/1222617/ | |
| 942 | |c CF | ||